Top 100 Male names in 1990 (for all ages) Quiz Stats

 Plays Quiz not verified by Sporcle

Score 0/100 Timer 15:00
0 Plays Today
Rank Name % Correct
2. John
95.9%
1.James
92.9%
4.Michael
90.1%
5.William
89.5%
3.Robert
88.8%
6.David
87.4%
10.Thomas
86.7%
25.Matthew
86.7%
12.Daniel
85.4%
16.George
83.3%
35.Andrew
83.3%
28.Jose
82.7%
7.Richard
82.3%
14.Mark
82.3%
74.Steve
82.3%
13.Paul
81.3%
53.Jack
81.3%
93.Chris
81%
*100.Antonio
81%
43.Peter
80.6%
11.Christopher
79.9%
20.Brian
79.9%
9.Joseph
78.9%
60.Samuel
78.6%
51.Joe
76.9%
8.Charles
76.2%
18.Steven
76.2%
23.Kevin
76.2%
34.Stephen
75.9%
27.Timothy
74.8%
31.Frank
74.8%
71.Harry
74.5%
69.Adam
73.5%
66.Benjamin
72.1%
Rank Name % Correct
19.Edward
71.8%
22.Anthony
71.8%
64.Nicholas
71.1%
33.Eric
70.7%
49.Ryan
70.1%
55.Jonathan
69.4%
42.Patrick
69%
47.Carl
68%
21.Ronald
67.7%
46.Henry
67.3%
24.Jason
66.7%
38.Joshua
65.6%
96.Sean
65.6%
15.Donald
65.3%
37.Gregory
65.3%
70.Fred
65.3%
30.Jeffrey
62.2%
56.Justin
61.9%
77.Aaron
61.6%
29.Larry
61.2%
91.Alan
59.2%
73.Billy
58.5%
32.Scott
58.2%
44.Harold
56.1%
68.Brandon
56.1%
87.Phillip
56.1%
99.Jimmy
55.8%
17.Kenneth
55.4%
84.Victor
55.4%
26.Gary
55.1%
95.Philip
54.8%
83.Bobby
54.4%
75.Louis
54.1%
54.Albert
53.1%
Rank Name % Correct
92.Shawn
53.1%
36.Raymond
51.7%
52.Juan
51.4%
76.Jeremy
51%
59.Keith
50.7%
85.Martin
49.7%
39.Jerry
49%
41.Walter
49%
62.Lawrence
49%
81.Carlos
47.3%
48.Arthur
46.9%
97.Johnny
43.2%
40.Dennis
41.5%
67.Bruce
41.2%
50.Roger
39.8%
89.Jesse
39.8%
45.Douglas
39.5%
90.Craig
38.8%
58.Gerald
37.4%
72.Wayne
37.1%
80.Howard
36.1%
61.Willie
35.7%
57.Terry
35%
65.Roy
33.3%
82.Russell
30.3%
88.Todd
29.3%
78.Randy
27.6%
63.Ralph
26.2%
79.Eugene
25.9%
98.Earl
22.4%
86.Ernest
21.8%
94.Clarence
21.8%

You're not logged in!

Compare scores with friends on all Sporcle quizzes.
OR
Log In

Show Comments

Extras

Created Nov 27, 2010SourceReportNominate
Tags:100, 1990, age, boy, male, Top 100

Top Quizzes Today


Score Distribution

Your Account Isn't Verified!

In order to create a playlist on Sporcle, you need to verify the email address you used during registration. Go to your Sporcle Settings to finish the process.

Report this User

Report this user for behavior that violates our Community Guidelines.

Details: